000 00832nam a22002297a 4500
999 _c59309
_d59309
005 20230116164802.0
008 230116s2016ge xxu||||| |||| 00| 0 ger d
020 _a 9783126050388 X
041 _ager
080 _a811.112.1 A-87
245 _a Aspekte neu: Mittelstufe Deutsch
_bLehr- und Arbeitsbuch 3, Teil 2 C1/
_cUte Kolthan, Helen Schmitz, Tanja Siber, Ralf Sonntag
264 _aStutgard :
_bErnst Klett Sprachen,
_c2016.
300 _a 200 p.:
_b+ 1 CD
_c28 cm.
653 _aAspekte neu: Mittelstufe Deutsch Lehr- und Arbeitsbuch 3, Teil 2 C1
653 _aგერმანული ენა
653 _aახალი ასპექტები
700 _aKolthan, Ute
_916691
700 _aSchmitz, Helen
_916692
700 _aSiber, Tanja
_916693
700 _aSonntag, Ralf
_910081
942 _2udc
_cBK